[Event "8th Open"]
[Site "Voronezh RUS"]
[Date "2004.06.15"]
[Round "4"]
[White "Voitsekhovsky,S"]
[Black "Ulko,J"]
[Result "1-0"]
[WhiteElo "2494"]
[BlackElo "2472"]

1.e4 c5 2.Nf3 Nc6 3.d4 cxd4 4.Nxd4 e6 5.Nc3 d6 6.Be2 Nf6 7.O-O Be7 8.Kh1 O-O
9.f4 Nxd4 10.Qxd4 a6 11.a4 b6 12.Be3 Rb8 13.Rad1 Qc7 14.e5 dxe5 15.fxe5 Nd7
16.Bf4 Qc5 17.Qd3 Nxe5 18.Qg3 f6 19.Ne4 Qc7 20.Bd3 Rb7 21.Ng5 fxg5 22.Bxe5 Qc5
23.Rxf8+ Bxf8 24.Rf1 Rd7 25.Qh3 Rxd3 26.Qxd3 Qxe5 27.Qd8 Qc5 28.b4 Qxb4 29.Qxc8 Qe7
30.Qxa6 Qd8 31.Qc4 Qd7 32.Qb5 Qd8 33.Qc6 Qd6 34.Qxd6 Bxd6 35.g4 Bf4 36.Rb1 Bc7
37.Rd1 Kf8 38.Rd7 Be5 39.Rb7 Bd4 40.Kg2 Ke8 41.Kf3 Kf8 42.Ke4 Bg1 43.h3  1-0

[Event "VI Comunic CXSP"]
[Site "Sao Paulo BRA"]
[Date "2004.06.17"]
[Round "3"]
[White "Aranha Filho,A"]
[Black "Needleman,A"]
[Result "0-1"]
[WhiteElo "2287"]
[BlackElo "2420"]

1.e4 c5 2.Nf3 e6 3.d4 cxd4 4.Nxd4 Nc6 5.Nc3 Qc7 6.Be2 a6 7.O-O b5 8.Nxc6 dxc6
9.a4 Rb8 10.f4 Nf6 11.e5 Nd5 12.Ne4 Be7 13.Bd3 c5 14.c3 c4 15.Bc2 Bb7 16.Qg4 g6
17.axb5 axb5 18.Qg3 h5 19.h3 h4 20.Qg4 Kf8 21.Ng5 Rd8 22.Kh1 Bxg5 23.fxg5 Kg7
24.Bf4 Ne7 25.Qe2 Rd5 26.Rad1 Qc6 27.Be4 Rxd1 28.Bxc6 Rxf1+ 29.Qxf1 Bxc6
30.Qd1 Nf5 31.Kh2 Bd5 32.Qg1 Ra8 33.Qe1 Ra2 34.Qb1 Ra4 35.Qe1 Ra2 36.Qb1 Ra7
37.Qe1 Rd7 38.Qf2 Be4 39.Qe2 Bc6 40.Qf2 Rd1 41.Bd2 Ng3 42.Be1 Kg8 43.Kg1 Be4
44.Kh2 Rc1 45.Kg1 Rc2 46.Bd2 Rxb2 47.Qe3 Bd5 48.Qe1 b4 49.cxb4 c3 50.b5 Rxd2  0-1

[Event "National Open"]
[Site "Las Vegas USA"]
[Date "2004.06.18"]
[Round "1"]
[White "Rust,L"]
[Black "Eisen,L"]
[Result "1/2-1/2"]
[WhiteElo "1982"]
[BlackElo "2242"]

1.e4 c5 2.Nf3 e6 3.d4 cxd4 4.Nxd4 Nc6 5.Nc3 a6 6.g3 d6 7.Bg2 Bd7 8.O-O Be7
9.Nce2 Nf6 10.c4 Rb8 11.Nc3 Nxd4 12.Qxd4 b5 13.cxb5 axb5 14.e5 dxe5 15.Qxe5 b4
16.Ne4 O-O 17.Bf4 Rb5 18.Qd4 Nd5 19.Bd6 Bc6 20.Rac1 Bxd6 21.Rxc6 Be7 22.Rfc1 Ra5
23.Qc4 Qa8 24.Rc8 Rxc8 25.Qxc8+ Qxc8 26.Rxc8+ Bf8 27.a3 bxa3 28.bxa3 g6 29.Nc3 Nxc3
30.Rxc3 Bxa3 31.Rc8+ Kg7 32.Ra8 Rxa8 33.Bxa8 e5 34.Kf1 f5 35.f3 h5 36.Ke2 Kf6
37.h4 Ke6 38.Bb7 Bc5 39.g4 Be7 40.g5  1/2-1/2

[Event "Coupe de France Final"]
[Site "Paris FRA"]
[Date "2004.06.19"]
[Round "1"]
[White "Fressinet,L"]
[Black "Bauer,Ch"]
[Result "1/2-1/2"]
[WhiteElo "2638"]
[BlackElo "2595"]

1.e4 c5 2.Nf3 e6 3.d4 cxd4 4.Nxd4 Nc6 5.Nc3 Qc7 6.Be3 Nf6 7.Qd2 Bb4 8.f3 Nxd4
9.Qxd4 Bxc3+ 10.bxc3 e5 11.Qb4 d6 12.O-O-O O-O 13.Rxd6 Be6 14.Be2 Rfc8 15.Rhd1 Ne8
16.R6d2 h6 17.c4 b6 18.g3 Qc6 19.Qb5 Bxc4 20.Bxc4 Qxc4 21.Qb3 Rc7 22.Rd8 Rxd8
23.Rxd8 Qc6 24.Kb1 Kh7 25.Qd3 Nf6 26.Rd6 Qa4 27.Bc1 Nd7 28.Qb3 Nc5 29.Qxa4 Nxa4
30.Bd2 f6 31.Kc1 Kg6 32.Rd3 Kf7 33.Bb4 h5 34.Ra3 b5 35.Rd3 g5 36.h3 g4 37.hxg4 hxg4
38.fxg4 Rc4 39.Bd2 Nc5 40.Ra3 a6 41.g5 fxg5  1/2-1/2

[Event "8th Open"]
[Site "Voronezh RUS"]
[Date "2004.06.19"]
[Round "8"]
[White "Kurnosov,I"]
[Black "Kalegin,E"]
[Result "0-1"]
[WhiteElo "2543"]
[BlackElo "2452"]

1.e4 c5 2.Nf3 e6 3.d4 cxd4 4.Nxd4 Nc6 5.Nc3 a6 6.Nxc6 bxc6 7.Bd3 d5 8.O-O Nf6
9.Re1 Bb7 10.Bf4 Be7 11.e5 Nd7 12.Na4 c5 13.c4 d4 14.Qg4 Qa5 15.b3 g5 16.Bxg5 Rg8
17.h4 h6 18.Bh7 O-O-O 19.Bxg8 Rxg8 20.Qf4 hxg5 21.Qxf7 Qd8 22.Qxe6 Kb8 23.h5 Rh8
24.Qf7 Nf8 25.e6 Rh7 26.Qf5 Qc7 27.f3 Rxh5 28.Qe5 Rh6 29.Nb6 Rxe6 30.Nd7+ Kc8
31.Qxc7+ Kxc7 32.Nxf8 Rxe1+ 33.Rxe1 Bxf8 34.Re5 g4 35.Rf5 Bd6 36.Rf7+ Kc8
37.fxg4 Bg3 38.Rf8+ Kc7 39.Rf7+ Kc8 40.Rf5 Be4 41.Rxc5+ Kd7 42.Kf1 d3 43.Rh5 Ke6
44.Rh3 Bf4 45.Rh8 Ke5 46.Rd8 Bg3 47.c5 Kf4 48.b4 Ke3 49.Re8 d2 50.Rxe4+ Kd3
51.Rd4+ Kxd4 52.Ke2 Kc3 53.Kd1 Kxb4 54.c6 Kc5 55.g5 Kxc6 56.g6 Be5 57.Kxd2 Kd5
58.Ke3 Ke6 59.Ke4 Bd6 60.g4 Kf6  0-1

[Event "VI Comunic CXSP"]
[Site "Sao Paulo BRA"]
[Date "2004.06.22"]
[Round "9"]
[White "Fier,A"]
[Black "Needleman,A"]
[Result "1-0"]
[WhiteElo "2258"]
[BlackElo "2420"]

1.e4 c5 2.Nf3 e6 3.d4 cxd4 4.Nxd4 Nc6 5.Nc3 Qc7 6.Be3 a6 7.Qd2 Nf6 8.O-O-O Nxd4
9.Qxd4 Ng4 10.Qb6 Qxb6 11.Bxb6 Bb4 12.f3 Nf6 13.Bd4 d6 14.a3 Bc5 15.Bxc5 dxc5
16.e5 Nd7 17.f4 Ke7 18.Be2 b6 19.Bf3 Ra7 20.Bc6 Rc7 21.Rd6 Nb8 22.Bf3 b5
23.Rhd1 h6 24.h4 Rg8 25.h5 f6 26.Rb6 Nd7 27.Rxe6+ Kxe6 28.Bd5+ Kf5 29.Bxg8 Bb7
30.e6 Nf8 31.Nd5 Bxd5 32.Rxd5+ Kxf4 33.Rd8 Nxe6 34.Bxe6 Re7 35.Bd5 f5 36.Bf3 Re6
37.Rd5 c4 38.Kd2 g5 39.hxg6 Rxg6 40.a4 h5 41.axb5 axb5 42.Rxb5 h4 43.Bd5 Kg3
44.Bxc4 Kxg2 45.Rxf5 h3 46.Bf1+  1-0

[Event "TCh-CRO"]
[Site "Rabac CRO"]
[Date "2004.06.23"]
[Round "4"]
[White "Dabo Peranic,R"]
[Black "Rezan,S"]
[Result "0-1"]
[WhiteElo "2320"]
[BlackElo "2413"]

1.e4 c5 2.Nf3 e6 3.d4 cxd4 4.Nxd4 Nc6 5.Nc3 d6 6.g4 Nge7 7.f4 a6 8.Nf3 b5
9.Be3 Bb7 10.Bf2 Rc8 11.Bd3 Na5 12.O-O Nc4 13.Qc1 g6 14.Ne2 Bg7 15.c3 O-O
16.b3 Na5 17.Qe3 b4 18.cxb4 Bxa1 19.Rxa1 Nac6 20.a3 d5 21.f5 dxe4 22.Bxe4 exf5
23.Qh6 f6 24.gxf5 Nxf5 25.Bxf5 gxf5 26.Nf4 Ne5 27.Nd4 Ng4 28.Qh4 Qd6 29.Qg3 Rc3
30.Qxc3 Qxf4 31.Bg3 Qe4 32.Kf1 Re8  0-1

[Event "ch-USA w"]
[Site "New York USA"]
[Date "2004.06.25"]
[Round "7"]
[White "Abrahamyan,T"]
[Black "Zatonskih,A"]
[Result "0-1"]
[WhiteElo "2236"]
[BlackElo "2444"]

1.e4 c5 2.Nf3 e6 3.d4 cxd4 4.Nxd4 Nc6 5.Nc3 Qc7 6.Be3 a6 7.Bd3 b5 8.O-O Bb7
9.a3 Nxd4 10.Bxd4 Ne7 11.f4 Nc6 12.Be3 Na5 13.Qf3 Bc5 14.Rad1 O-O 15.Kh1 Bxe3
16.Qxe3 f6 17.Rd2 Rfd8 18.Rfd1 Nc6 19.Be2 Ne7 20.Bg4 Kh8 21.Rd3 Ng6 22.Qd2 Bc6
23.Rf1 a5 24.b4 axb4 25.axb4 e5 26.f5 Nf4 27.Rd6 Ra3 28.Rd1 Nxg2 29.Kxg2 Rxc3
30.Bf3 Rc4 31.Re1 Rxc2 32.Qxc2 Qxd6 33.Qc3 g6 34.fxg6 Rg8 35.Rd1 Rxg6+ 36.Kf2 Qe7
37.Ra1 Rh6 38.Kg2 f5 39.exf5 Qg5+ 40.Kf1 Qxf5  0-1

[Event "XVIII Open"]
[Site "Pula CRO"]
[Date "2004.06.25"]
[Round "8"]
[White "Suarez Pousa,D"]
[Black "Sargac,R"]
[Result "1-0"]
[WhiteElo "2395"]
[BlackElo "2211"]

1.e4 c5 2.Nc3 Nc6 3.Nf3 e6 4.d4 cxd4 5.Nxd4 Nf6 6.Be3 Bb4 7.Bd3 d5 8.Nxc6 bxc6
9.e5 d4 10.exf6 Qxf6 11.O-O dxe3 12.Ne4 Qe7 13.Qh5 e2 14.Qxe2 O-O 15.c3 Ba5
16.Qh5 f5 17.Ng5 h6 18.Nf3 e5 19.Bc4+ Kh7 20.Nh4 Qf6 21.g3 Bd7 22.Rad1 Rad8
23.Qe2 Bc7 24.Rd2 Bc8 25.Rxd8 Rxd8 26.Rd1 Rxd1+ 27.Qxd1 g5 28.Ng2 e4 29.Qa4 Bb6
30.Bb3 Qg6 31.Qb4 Qf6 32.Qc4 Qg6 33.Qb4 Qe8 34.Qc4 e3 35.fxe3 Bxe3+ 36.Nxe3 Qxe3+
37.Kf1 Qf3+ 38.Kg1 Qe3+ 39.Kg2 Qd2+ 40.Kf1 Qc1+ 41.Ke2 Qxb2+ 42.Kf3 g4+ 43.Ke3 Qc1+
44.Kd4 Qg1+ 45.Ke5 Qe3+ 46.Kd6 Qd2+ 47.Qd4 Qxh2 48.Kc7 Qxg3+ 49.Kxc8 Qf3
50.Qf6 h5 51.Bf7  1-0

[Event "54th ch-RUS w"]
[Site "Kazan RUS"]
[Date "2004.06.29"]
[Round "1"]
[White "Kovalevskaya,E"]
[Black "Stepovaia Dianchenko,T"]
[Result "1/2-1/2"]
[WhiteElo "2467"]
[BlackElo "2362"]

1.e4 c5 2.Nf3 e6 3.d4 cxd4 4.Nxd4 Nc6 5.Nc3 Qc7 6.Be3 a6 7.Bd3 Nf6 8.Qe2 b5
9.f4 Bb7 10.e5 Nxd4 11.Bxd4 Nd5 12.Nxd5 Bxd5 13.Qf2 Be7 14.O-O f5 15.exf6 Bxf6
16.Bxf6 gxf6 17.Qd4 Qa7 18.Qxa7 Rxa7 19.a4 b4 20.a5 Ke7 21.Kf2 f5 22.Rfe1 Rg8
23.g3 Kf6 24.Re3 Rc8 25.Ra4 Rb8 26.Ra1 d6 27.h3 e5 28.Rd1 Rc8 29.Be2 Rc5
30.Red3 Be6 31.Rxd6 Rxc2 32.Ke3 exf4+ 33.gxf4 Ke7 34.R1d2 Rc5  1/2-1/2

[Event "XX Franca Garcia Mem"]
[Site "Osasco BRA"]
[Date "2004.07.02"]
[Round "2"]
[White "Matsuura,E"]
[Black "Needleman,A"]
[Result "1/2-1/2"]
[WhiteElo "2473"]
[BlackElo "2420"]

1.e4 c5 2.Nf3 e6 3.d4 cxd4 4.Nxd4 Nc6 5.Nc3 Qc7 6.Be2 a6 7.O-O b5 8.Nxc6 dxc6
9.a4 b4 10.Nb1 Nf6 11.Bd3 c5 12.Qe2 Bb7 13.Nd2 Bd6 14.Nc4 Bxh2+ 15.Kh1 Bf4
16.e5 Nd5 17.Nd6+ Kf8 18.Nxb7 Qxb7 19.Be4 Bxc1 20.Raxc1 Rd8 21.Rcd1 g6 22.Qf3 Qe7
23.Rd2 Qg5 24.Rfd1 Qxe5 25.Bxd5 Rxd5 26.Rxd5 exd5 27.Qxd5 Qxb2 28.Qxc5+ Kg7
29.Rd4 Re8 30.Rxb4 Qa1+ 31.Kh2 Re5 32.Qd4 Qxd4 33.Rxd4 Re2 34.Kg3 Rxc2 35.Rd6 Rc3+
36.f3 h5 37.Rxa6 Rc2 38.Rb6 Ra2 39.Rb4 g5 40.Kh3 Kg6 41.Kg3 f6 42.Kh3 Ra3
43.Kh2 Ra1 44.Rc4 Ra2 45.Rb4 h4 46.Rc4 Kh5 47.Rb4 f5 48.Rb5 f4 49.Ra5 Ra1
50.Ra8 h3  1/2-1/2

[Event "54th ch-RUS w"]
[Site "Kazan RUS"]
[Date "2004.07.03"]
[Round "4"]
[White "Kosintseva,T"]
[Black "Shadrina,T"]
[Result "1/2-1/2"]
[WhiteElo "2451"]
[BlackElo "2380"]

1.e4 c5 2.Nc3 Nc6 3.Nf3 e6 4.d4 cxd4 5.Nxd4 d6 6.g3 a6 7.Bg2 Bd7 8.O-O Nf6
9.a4 Be7 10.Nb3 b6 11.f4 O-O 12.g4 h6 13.h4 Nh7 14.g5 hxg5 15.fxg5 Ne5 16.Bf4 Bc6
17.Nd4 Bb7 18.Bh3 Re8 19.Qh5 g6 20.Qe2 Bf8 21.Nf3 Bg7 22.Nxe5 Bxe5 23.Bxe5 dxe5
24.Rad1 Qc7 25.Rd3 Re7 26.Nd1 Rd8 27.Nf2 Rxd3 28.cxd3 Bc6 29.b3 Be8 30.Ng4 Qc3
31.Qe3 Rd7 32.Rf3 Qd4 33.Qxd4 exd4 34.e5 Kf8 35.Rf4 Ke7 36.Bg2 a5 37.Kf2 Rd8
38.Nf6 Nxf6 39.gxf6+ Kf8 40.Ke2 Kg8 41.Kd2 Kh7 42.h5 g5 43.Rf1 Rc8 44.h6 g4
45.Rh1 Bc6 46.Rc1 Bd7 47.Rh1 Bc6 48.Bxc6 Rxc6 49.Rh5 Rc5 50.Ke2 Rc2+ 51.Kf1 Rd2
52.Rh4 Rxd3 53.Rxg4 Re3 54.Rg7+ Kxh6 55.Rxf7 Rxe5 56.Rd7 Kg6 57.Rxd4 Kxf6
58.Kf2 b5 59.axb5 Rxb5 60.Rd3 e5 61.Ke2 Kf5 62.Ke3 Rb4 63.Rc3 Rh4 64.Rc5 Rh3+
65.Ke2 Rh2+ 66.Kd3 Ra2 67.Rc1 Rb2 68.Rf1+ Ke6 69.Kc4 Rd2 70.Re1 Rd4+ 71.Kc3 Rd8
72.Ra1 Rd5 73.Kc4 e4 74.Rh1 Rd8 75.Rh5 Re8  1/2-1/2

[Event "XX Franca Garcia Mem"]
[Site "Osasco BRA"]
[Date "2004.07.03"]
[Round "4"]
[White "Schneider,Dm"]
[Black "Needleman,A"]
[Result "1/2-1/2"]
[WhiteElo "2454"]
[BlackElo "2420"]

1.e4 c5 2.Nf3 e6 3.d4 cxd4 4.Nxd4 Nc6 5.Nc3 Qc7 6.Be3 a6 7.Qd2 Nf6 8.f3 Bb4
9.O-O-O Nxd4 10.Qxd4 Bxc3 11.bxc3 O-O 12.Qc5 Qd8 13.c4 d5 14.cxd5 exd5 15.e5 Bf5
16.Bd3 Bxd3 17.Rxd3 Rc8 18.Qb6 Qxb6 19.Bxb6 Nd7 20.Bd4 Rc6 21.Rhd1 Rfc8 22.R1d2 g5
23.g3 Rc4 24.f4 gxf4 25.gxf4 Nc5 26.Bxc5 R8xc5 27.f5 Re4 28.Rxd5 Re1+ 29.Rd1  1/2-1/2

[Event "19th North Sea Cup"]
[Site "Esbjerg DEN"]
[Date "2004.07.04"]
[Round "3"]
[White "Kragh,N"]
[Black "Bernhardsson,S"]
[Result "0-1"]
[WhiteElo "2046"]
[BlackElo "2115"]

1.e4 c5 2.Nf3 e6 3.d4 cxd4 4.Nxd4 Nc6 5.Nc3 a6 6.Nxc6 bxc6 7.Bd3 d5 8.O-O Nf6
9.Re1 Be7 10.e5 Nd7 11.Qg4 g6 12.Bh6 Rb8 13.Na4 Rb4 14.c4 Rxa4 15.Qh3 Bf8
16.a3 dxc4 17.Be4 Ra5 18.Bxc6 Qc7 19.Bxf8 Rxf8 20.Qf3 Rc5  0-1

[Event "22nd Open"]
[Site "Andorra la Vella AND"]
[Date "2004.07.05"]
[Round "3"]
[White "Delchev,A"]
[Black "Campos Moreno,J"]
[Result "1-0"]
[WhiteElo "2603"]
[BlackElo "2491"]

1.e4 c5 2.Nf3 e6 3.d4 cxd4 4.Nxd4 Nc6 5.Nc3 d6 6.Be3 Nf6 7.Qd2 Be7 8.f3 O-O
9.g4 d5 10.g5 Nh5 11.Rg1 dxe4 12.Nxc6 bxc6 13.Nxe4 e5 14.Bc4 Bf5 15.O-O-O Qc7
16.Qf2 Rab8 17.Bc5 Bxe4 18.fxe4 Nf4 19.Qe3 Qb7 20.b3 a5 21.a4 Qc7 22.h4 g6
23.Rd2 Rfd8 24.Rxd8+ Qxd8 25.Rd1 Qc7 26.Bxe7 Qxe7 27.Qd2 Kg7 28.Qxa5 h6 29.Rd7  1-0

[Event "GP CG de l'Heralt"]
[Site "Montpellier FRA"]
[Date "2004.07.05"]
[Round "1"]
[White "Hamdouchi,H"]
[Black "Dimitrov,C"]
[Result "1-0"]
[WhiteElo "2556"]
[BlackElo "2230"]

1.e4 c5 2.Nc3 e6 3.Nf3 Nc6 4.d4 cxd4 5.Nxd4 Qb6 6.Ndb5 Bc5 7.Qd2 a6 8.Na4 Bxf2+
9.Kd1 Qa5 10.Nd6+ Ke7 11.Qxf2 Kxd6 12.Nb6  1-0

[Event "22nd Open"]
[Site "Andorra la Vella AND"]
[Date "2004.07.06"]
[Round "4"]
[White "Fressinet,L"]
[Black "De la Riva Aguado,O"]
[Result "1-0"]
[WhiteElo "2637"]
[BlackElo "2552"]

1.e4 c5 2.Nf3 Nc6 3.d4 cxd4 4.Nxd4 e6 5.Nc3 Qc7 6.Be3 a6 7.Qd2 Nf6 8.O-O-O Bb4
9.f3 Ne5 10.Nb3 d5 11.Bd4 O-O 12.Kb1 dxe4 13.Qf4 Bd6 14.Nxe4 Nxe4 15.Qxe4 Nc6
16.Bc3 f5 17.Qe3 b5 18.g4 b4 19.Bd4 Nxd4 20.Nxd4 Qc5 21.Qb3 Kh8 22.Nxe6 Bxe6
23.Qxe6 Rae8 24.Qc4 Qe3 25.Qxa6 Qxf3 26.Bb5 Rd8 27.gxf5 Bxh2 28.Bd3 h6 29.Qb6 Rb8
30.Qd4 Rfd8 31.Qc4 Be5 32.Qe6 Qf4 33.Rhf1 Qd4 34.Qb3 Bf6 35.Be2 Qe5 36.Rxd8+ Rxd8
37.Bd3 Re8 38.Rd1 Rd8 39.Rf1 h5 40.Rh1 h4 41.Qxb4 Rd4 42.Qe1 Qb8 43.Qc1 Rg4
44.c3 Rg3 45.Qd1  1-0

[Event "Open"]
[Site "Olomouc CZE"]
[Date "2004.07.06"]
[Round "2"]
[White "Neelotpal,D"]
[Black "Slovak,Pe"]
[Result "1-0"]
[WhiteElo "2448"]
[BlackElo "2162"]

1.e4 c5 2.Nf3 e6 3.d4 cxd4 4.Nxd4 Nc6 5.Nc3 Qc7 6.Be3 a6 7.Qd2 Nf6 8.O-O-O Bb4
9.f3 Ne5 10.Nb3 O-O 11.Bd4 d5 12.a3 Bd6 13.exd5 exd5 14.Bd3 Be6 15.Kb1 Rac8
16.Bxe5 Bxe5 17.Ne2 b5 18.Nbd4 Rb8 19.c3 Rfc8 20.g4 Bd6 21.h4 Nd7 22.Qc2 Ne5
23.Bxh7+ Kh8 24.Bf5 Bxf5 25.gxf5 Nc4 26.f6 Bxa3 27.fxg7+ Kg8 28.Qc1 Bxb2
29.Qh6 f6 30.Rhg1 Na3+ 31.Kxb2 b4 32.Qh8+  1-0

[Event "Skanska Cup"]
[Site "Olomouc CZE"]
[Date "2004.07.06"]
[Round "3"]
[White "Slaby,J"]
[Black "Laznicka,V"]
[Result "1/2-1/2"]
[WhiteElo "2391"]
[BlackElo "2434"]

1.e4 c5 2.Nf3 Nc6 3.Nc3 e6 4.d4 cxd4 5.Nxd4 Qc7 6.Be2 a6 7.O-O Nf6 8.Be3 d6
9.f4 Be7 10.Kh1 O-O 11.Qe1 Nxd4 12.Bxd4 b5 13.a3 Bb7 14.Qg3 Rad8 15.Rae1 Rd7
16.Bf3 Qd8 17.Rd1 g6 18.f5 e5 19.Be3 Kh8 20.fxg6 Rg8 21.Bg5 Rxg6 22.Bxf6+ Bxf6
23.Qh3 Rc7 24.Bg4 Bg7 25.Bf5 Rh6 26.Qg4 Rc4 27.Rd3 Rh4 28.Qg3 Rh6 29.Qg4 Rh4
30.Qg3 Rh6 31.Qg4  1/2-1/2

[Event "22nd Open"]
[Site "Andorra la Vella AND"]
[Date "2004.07.07"]
[Round "5"]
[White "Ayas Fernandez,A"]
[Black "Campos Moreno,J"]
[Result "0-1"]
[WhiteElo "2328"]
[BlackElo "2491"]

1.e4 c5 2.Nf3 e6 3.d4 cxd4 4.Nxd4 Nc6 5.Nc3 d6 6.Bc4 Nf6 7.Be3 Be7 8.Qe2 O-O
9.O-O-O a6 10.Rhg1 Nxd4 11.Bxd4 b5 12.Bb3 b4 13.Na4 Nd7 14.g4 Bb7 15.f4 Qc7
16.g5 e5 17.g6 exd4 18.gxf7+ Rxf7 19.Bxf7+ Kxf7 20.Rxd4 Rc8 21.b3 Nf8 22.Rc4 Qa5
23.f5 Qe5 24.c3 Rxc4 25.Qxc4+ d5 26.exd5 Bxd5 27.Qd3 Qf4+ 28.Qd2 Qxf5 29.cxb4 Be6
30.Rg2 Bf6 31.Rf2 Qe5 32.Nc3 Nd7 33.Kc2 Nb6 34.a4 h6 35.a5 Bf5+ 36.Kd1 Bg5
37.Qd3 Bf4 38.Rxf4 Qxf4 39.Qxa6 Qd4+ 40.Ke2 Bg4+ 41.Kf1 Qxc3 42.axb6 Qf3+
43.Kg1 Qe3+  0-1

[Event "IMB"]
[Site "Brno CZE"]
[Date "2004.07.07"]
[Round "5"]
[White "Czarnota,D"]
[Black "Vyskocil,N"]
[Result "1-0"]
[WhiteElo "2170"]
[BlackElo "2305"]

1.e4 c5 2.Nf3 e6 3.d4 cxd4 4.Nxd4 Nc6 5.Nc3 Qc7 6.Be2 a6 7.O-O Nf6 8.Be3 Be7
9.a4 O-O 10.f4 d6 11.Bd3 Nxd4 12.Bxd4 e5 13.Be3 exf4 14.Rxf4 Be6 15.Kh1 Qa5
16.Qe2 Qe5 17.Raf1 g6 18.Qf2 Ng4 19.Rxg4 Bxg4 20.Bd4 Qg5 21.Nd5 Bd8 22.Nf6+ Bxf6
23.Bxf6 Qh5 24.Bd4 Qg5 25.h4 Qd8 26.Bf6 Qa5 27.e5 h5 28.Qf4 Kh7 29.exd6 Bd7
30.Bc3 Qd8 31.Bd2 Kg8 32.g3 Bc8 33.Bc3 Qd7 34.Qe5 f6 35.Qe3 Kh7 36.Bxf6 Qxd6
37.Bxg6+ Kxg6 38.Qg5+ Kf7 39.Be7+ Ke6 40.Re1+  1-0

[Event "TCh-GRE"]
[Site "Aghia Pelagia GRE"]
[Date "2004.07.08"]
[Round "6"]
[White "Dembo,Y"]
[Black "Mastrovasilis,D"]
[Result "0-1"]
[WhiteElo "2423"]
[BlackElo "2568"]

1.e4 c5 2.Nf3 e6 3.d4 cxd4 4.Nxd4 Nc6 5.Nc3 Qc7 6.Be3 a6 7.Bd3 Nf6 8.O-O Ne5
9.h3 Bc5 10.Kh1 d6 11.f4 Ng6 12.Qe2 b5 13.Nb3 Bxe3 14.Qxe3 O-O 15.a3 Bb7
16.Rae1 Rad8 17.Nd4 Qc5 18.Nb3 Qc7 19.Nd4 Rfe8 20.Qf2 Qc5 21.Nb3 Qc7 22.Nd4 Rc8
23.f5 Ne5 24.Qg3 Qe7 25.fxe6 fxe6 26.Qe3 Rf8 27.Kg1 Rf7 28.Nf3 Rc5 29.Nxe5 Rxe5
30.Qf4 Qc7 31.Qf2 h6 32.Qd4 Bc6 33.Re2 a5 34.Ref2 Rd7 35.b4 Qa7 36.Qxa7 Rxa7
37.a4 axb4 38.Nxb5 Rd7 39.Rb1 Nxe4 40.Re2 Nc5 41.Bc4 Rxe2 42.Bxe2 Nxa4 43.Rxb4 Nc5
44.Nd4 Bd5 45.Rb6 Kf7 46.Bb5 Rb7 47.Rxb7+ Bxb7 48.Kf2 Kf6 49.Bc6 Ba6 50.Kf3 e5
51.Nb3 Nxb3 52.cxb3 Ke7 53.Ke4 Bf1 54.Kf5 Bd3+ 55.Kg4 Ke6 56.b4 d5 57.Be8 Ke7
58.Bc6 Kd6 59.Be8 Be4 60.Kg3 d4 61.Kf2 Kc7 62.Bf7 Kb6 63.Bc4 Bb7 64.g3 Ba6
65.Bd5 Bd3  0-1

[Event "22nd Open"]
[Site "Andorra la Vella AND"]
[Date "2004.07.10"]
[Round "8"]
[White "Arizmendi Martinez,J"]
[Black "Ivanov,J"]
[Result "1-0"]
[WhiteElo "2534"]
[BlackElo "2391"]

1.e4 c5 2.Nc3 Nc6 3.Nf3 e6 4.d4 cxd4 5.Nxd4 Qc7 6.Be3 a6 7.Qd2 Nf6 8.O-O-O Bb4
9.f3 d5 10.a3 Bxc3 11.Qxc3 dxe4 12.fxe4 Nxe4 13.Qd3 Nc5 14.Qc4 Qe5 15.Qc3 Nd7
16.g3 Qe4 17.Nxc6 Qxh1 18.Qxg7 Rf8 19.Ne5 Qe4 20.Bf4 Nxe5 21.Bxe5 Qg6 22.Rd8+ Kxd8
23.Qxf8+ Kd7 24.Kb1 Qf5 25.Qd6+ Ke8 26.Bd3 Qg5 27.Qd4 Qd8 28.Qf4 f5 29.Be2 Qe7
30.Bh5+ Kd8 31.Qd4+ Qd7 32.Qb6+  1-0

[Event "54th ch-RUS w"]
[Site "Kazan RUS"]
[Date "2004.07.10"]
[Round "11"]
[White "Galliamova,A"]
[Black "Stepovaia Dianchenko,T"]
[Result "1-0"]
[WhiteElo "2502"]
[BlackElo "2362"]

1.e4 c5 2.Nf3 e6 3.d4 cxd4 4.Nxd4 Nc6 5.Nc3 Qc7 6.Be2 a6 7.O-O Nf6 8.Be3 Bb4
9.Na4 Be7 10.Nxc6 bxc6 11.Nb6 Rb8 12.Nxc8 Qxc8 13.Bd4 O-O 14.e5 Nd5 15.b3 c5
16.Bb2 f6 17.Qd2 fxe5 18.Bxe5 d6 19.Bg3 Rb6 20.Rad1 Nf6 21.Qe3 d5 22.Rfe1 Bd6
23.Bh4 Kh8 24.Qh3 Qe8 25.Bf3 Qf7 26.Re2 Bc7 27.Bg3 Bxg3 28.hxg3 g6 29.Rde1 Re8
30.g4 g5 31.Qg3 h6 32.Qe5 Kh7 33.c4 Rc6 34.cxd5  1-0

[Event "TCh-GRE"]
[Site "Aghia Pelagia GRE"]
[Date "2004.07.11"]
[Round "9"]
[White "Markidis,K"]
[Black "Bousios,H"]
[Result "1/2-1/2"]
[WhiteElo "2381"]
[BlackElo "2239"]

1.e4 c5 2.Nf3 e6 3.d4 cxd4 4.Nxd4 Nc6 5.Nc3 Bb4 6.Nxc6 dxc6 7.Qxd8+ Kxd8
8.e5 Bxc3+ 9.bxc3 b6 10.Bg5+ Kc7 11.Be2 Bb7 12.f4 f6 13.Bh4 fxe5 14.fxe5 Nh6
15.g4 Raf8 16.Kd2 Rf7 17.Rhf1 Rhf8 18.Rxf7+ Rxf7 19.Ke3 c5 20.c4 Bc6 21.Rg1 Kb7
22.Bg5 Ng8 23.h4 h6 24.Bf4 Ne7 25.h5 Kc7 26.Rd1 Bd7 27.c3 Bc8 28.Bd3 Nc6
29.Bg6 Rd7 30.Rd6 Rxd6 31.exd6+ Kd7 32.Be4 e5 33.Bxc6+ Kxd6 34.Bg3 Kxc6 35.Bxe5 Bxg4
36.Bxg7 Bxh5 37.Bxh6  1/2-1/2

[Event "IMA"]
[Site "Brno CZE"]
[Date "2004.07.11"]
[Round "9"]
[White "Slaby,J"]
[Black "Pisk,P"]
[Result "1-0"]
[WhiteElo "2391"]
[BlackElo "2344"]

1.e4 c5 2.Nf3 Nc6 3.Nc3 e6 4.d4 cxd4 5.Nxd4 Qc7 6.Be2 a6 7.O-O Nf6 8.Be3 Bb4
9.Na4 Be7 10.Nxc6 bxc6 11.Nb6 Rb8 12.Nxc8 Qxc8 13.Bd4 c5 14.Be5 Rb6 15.Qd3 d6
16.Bc3 O-O 17.b3 d5 18.e5 Nd7 19.f4 Qb8 20.Qh3 f5 21.g4 g6 22.gxf5 Rxf5 23.Bg4 Qf8
24.Bxf5 Qxf5 25.Qxf5 gxf5 26.Kf2 Nf8 27.Kf3 Ng6 28.Be1 Bh4 29.c3 Bxe1 30.Raxe1 a5
31.Rb1 Rb7 32.Rg1 Kg7 33.h4 Kh6 34.h5 Ne7 35.Rb2 Rb8 36.Rbg2 a4 37.bxa4 Ra8
38.Rg7 Ng6 39.Rf7 Nh4+ 40.Kf2  1-0

[Event "Open"]
[Site "Olomouc CZE"]
[Date "2004.07.12"]
[Round "9"]
[White "Womacka,M"]
[Black "Jurcik,Mari"]
[Result "1-0"]
[WhiteElo "2447"]
[BlackElo "2278"]

1.e4 c5 2.Nf3 e6 3.d4 cxd4 4.Nxd4 Nc6 5.Nc3 Qc7 6.Be3 Nf6 7.Bd3 a6 8.O-O d6
9.f4 Be7 10.Qf3 O-O 11.Kh1 Bd7 12.Rae1 Rac8 13.Nxc6 Bxc6 14.Qh3 d5 15.exd5 exd5
16.Bd4 Ne4 17.Nxe4 dxe4 18.Bxe4 Bxe4 19.Rxe4 Rfd8 20.c3 Bc5 21.Bxc5 Qxc5
22.Rfe1 g6 23.Qe3 Qd5 24.a3 Qb5 25.Qe2 Qb6 26.h3 Qf6 27.Qe3 Qf5 28.Re5 Qc2
29.Re2 Qd1+ 30.Kh2 Qd6 31.Re7 Qc6 32.Qe4 Qxe4 33.R2xe4 b5 34.Kg3 Rd2 35.Re2 Rcd8
36.Kf2 Kg7 37.Rxd2 Rxd2+ 38.Re2 Rd3 39.Ke1 Kf6 40.Rd2 Re3+ 41.Kf2 Re6 42.g4 Rc6
43.Ke3 Ke7 44.Rd4 f5 45.g5 Re6+ 46.Kd2 Rb6 47.Kc2 Re6 48.a4 Re3 49.axb5 axb5
50.Rb4 Rxh3 51.Rxb5 h6 52.Rb7+ Ke6 53.Rb6+ Kf7 54.Rb7+ Ke6 55.Rb6+ Kf7 56.gxh6 Rxh6
57.Rd6 Rh4 58.Rd4 Ke6 59.b4 Rh8 60.b5 g5 61.fxg5 Ke5 62.Kd3 f4 63.b6 Rh3+
64.Kc4 f3 65.b7 Rh8 66.Kd3 Rf8 67.Rb4 f2 68.Rb1  1-0

[Event "15th Open"]
[Site "Ljubjana SLO"]
[Date "2004.07.13"]
[Round "5"]
[White "Osolin,B"]
[Black "Lazar,Ales ML"]
[Result "1/2-1/2"]
[WhiteElo "2140"]
[BlackElo "2244"]

1.e4 c5 2.Nf3 e6 3.d4 cxd4 4.Nxd4 Nc6 5.Nc3 Qc7 6.Be2 a6 7.Be3 Nf6 8.O-O Be7
9.f4 d6 10.Qe1 Nxd4 11.Bxd4 O-O 12.Qg3 b5 13.Bd3 Bb7 14.Rae1 Rad8 15.Kh1 Rd7
16.Nd1 Re8 17.Nf2 Nh5 18.Qf3 g6 19.Ng4 Bf8 20.Qh3  1/2-1/2

[Event "XIII Open"]
[Site "Castellar del Valles ESP"]
[Date "2004.07.14"]
[Round "1"]
[White "Simon Padros,E"]
[Black "Borges Mateos,J"]
[Result "0-1"]
[WhiteElo "2282"]
[BlackElo "2456"]

1.e4 c5 2.Nc3 e6 3.Nf3 Nc6 4.d4 cxd4 5.Nxd4 Qc7 6.g3 a6 7.Bg2 d6 8.O-O Bd7
9.Nb3 Nf6 10.a4 b6 11.f4 Be7 12.Be3 Rb8 13.Qe2 Bc8 14.g4 h6 15.h3 Na5 16.Rad1 Nc4
17.Bc1 b5 18.axb5 axb5 19.Nd4 b4 20.Nb1 O-O 21.e5 Nd5 22.Nf5 exf5 23.Bxd5 Nb6
24.c4 dxe5 25.fxe5 fxg4 26.hxg4 Be6 27.b3 Rbd8 28.Bxe6 fxe6 29.Rxd8 Rxd8
30.Qe4 Nd7 31.Bf4 Bg5 32.Bxg5 hxg5 33.Rd1 Rf8 34.Rf1 Qa7+  0-1

[Event "Open"]
[Site "Condom FRA"]
[Date "2004.07.16"]
[Round "8"]
[White "Maenhout,T"]
[Black "Maes,W"]
[Result "0-1"]
[WhiteElo "1990"]
[BlackElo "2318"]

1.e4 c5 2.Nf3 e6 3.d4 cxd4 4.Nxd4 Nc6 5.Nc3 Qc7 6.g3 a6 7.Bg2 Nf6 8.O-O Be7
9.Be3 d6 10.f4 O-O 11.Nxc6 bxc6 12.e5 dxe5 13.fxe5 Qxe5 14.Bd4 Bc5 15.Bxc5 Qxc5+
16.Kh1 Nd5 17.Ne4 Qb6 18.Qh5 f5 19.Qf3 Ne3 20.Qf2 Rb8 21.Nd6 Nxf1 22.Qxf1 Qxb2
23.Bxc6 Qc3  0-1

[Event "ch-CRC"]
[Site "San Jose CRC"]
[Date "2004.07.17"]
[Round "9"]
[White "Carvajal,J"]
[Black "Hernandez Basante,F"]
[Result "0-1"]
[WhiteElo "2087"]
[BlackElo "2244"]

1.e4 c5 2.Nf3 Nc6 3.d4 cxd4 4.Nxd4 e6 5.Nc3 Qc7 6.Be2 a6 7.a3 Nf6 8.Be3 b5
9.O-O Bb7 10.f4 Bc5 11.e5 Qb6 12.exf6 Nxd4 13.fxg7 Nxe2+ 14.Kh1 Rg8 15.Bxc5 Rxg7
16.Rf2 Ng3+ 17.hxg3 Qxc5 18.Qe2 Rxg3 19.Raf1 Qe3 20.f5 O-O-O 21.Qxe3 Rxe3
22.fxe6 fxe6 23.Ne2 Kc7 24.Nd4 Rg8 25.Nf3 e5 26.Re1 Rxe1+ 27.Nxe1 Rg7 28.Kg1 Bd5
29.Nf3 d6 30.Kf1 Rf7 31.b3 Bxf3 32.gxf3 Rf4 33.Ke2 e4 34.Rh2 exf3+ 35.Kf2 Rf7
36.Rh5 Kc6 37.c4 bxc4 38.bxc4 Rf4 39.Rxh7 Rxc4 40.Kxf3 Rc3+ 41.Ke2 Rxa3 42.Rh5 Rc3
43.Kd2 Rc5 44.Rh6 a5 45.Rh8 Kb5 46.Rd8 d5 47.Rb8+ Kc4 48.Kc2 d4 49.Rb7 a4
50.Ra7 Kb4+ 51.Kb2 d3 52.Rd7 a3+  0-1